Qué es la filosofía? la metafísica como ciencia estricta

Saved in:
Bibliografiske detaljer
Hovedforfatter: Scholz, Heinrich (Author)
Format: Bog
Sprog:spansk
Udgivet: Buenos Aires Sur 1973
Serier:Estudios Alemanes
Fag:
Tags: Tilføj Tag
Ingen Tags, Vær først til at tagge denne postø!

MARC

LEADER 00000nam a2200000 a 4500
001 UCI0088
003 CL-VaPUC
008 070420e19730000AG |||||||||||||||||spa|d
082 0 4 |a 100  |b SCH  |2 21 
100 0 |a Scholz, Heinrich  |e author  |9 520181 
245 1 0 |a Qué es la filosofía? la metafísica como ciencia estricta 
300 |a 201 p 
942 |c BK 
945 |d 20070420 00:00:00  |a jtorresc 
260 |a Buenos Aires  |b Sur  |c 1973 
650 0 |a Filosofía   |9 223554 
650 0 |a Metafísica  |9 265649 
650 7 |a TEORIA DE LA LOGICA  |2 CL-VaPUC  |9 520182 
583 |a last modification  |c 20130304 02:32:50  |k Rodrigo Vera 
490 0 |a Estudios Alemanes 
999 |c 325377  |d 325375 
952 |0 0  |1 0  |4 0  |6 100_000000000000000_SCH_1973  |7 0  |8 A  |9 406132  |a FDOPOS  |b FDOPOS  |d 2019-11-22  |i 4269497  |o 100 SCH 1973  |p 4269497  |r 2025-01-22  |w 2019-11-22  |y BK  |k MLA